000
00273nam a2200109Ia 4500
008
201217s9999 xx 000 0 und d
100
_a
Christopher, Martin
245
0
_a
(The) Strategy of distribution management
260
_a
London
_b
Heinemann
300
_a
182
942
_c
BK
999
_c
7011
_d
7011